000
00318nam a22001337a 4500
082
_a
617.6 ,N10C
100
_a
CHOUDHARY,N.K
245
_a
NAVIN DENTAL REVIEW FOR POSTGRADUATE DENTAL EXAMINATIONS
250
_a
2ND
260
_a
DELHI
_b
A.I.T.B.S
_c
2010
300
_a
947
700
_a
CHOUDHARY,N.K
942
_2
ddc
_c
BK
999
_c
9562
_d
9562